000
00286nam a2200097Ia 4500
082
_a
-
245
0
_a
Modern masonry : brick, block, stone
100
_a
KICKLIGHTER, Clois E. Tinley Park, Ill., 2002 - [c.2003]
_9
93088
942
_c
BK
008
210817s9999 xx 000 0 und d
999
_c
380159
_d
380158